Top 100 Most Memorable People - Statistics

General Stats
  • This quiz has been taken 216 times
  • The average score is 38 of 100
Answer Stats
# Occupation Birth Country Answer % Correct
4 Religious figure Israel Jesus
96%
1 Religious figure Saudi Arabia Muhammad
91%
13 Politician Austria Adolf Hitler
88%
5 Inventor Italy Leonardo da Vinci
86%
6 Composer Germany Ludwig van Beethoven
86%
3 Military personnel Mongolia Genghis Khan
85%
2 Physicist United Kingdom Issac Newton
83%
14 Explorer Italy Christopher Columbus
82%
22 Composer Austria Wolfgang Amadeus Mozart
82%
12 Philosopher Greece Socrates
79%
11 Politician France Napoleon
78%
8 Philosopher Greece Plato
77%
10 Astronomer Italy Galileo Galilei
73%
7 Philosopher Greece Aristotle
71%
18 Physicist Germany Albert Einstein
70%
24 Composer Germany Johann Sebastian Bach
67%
56 Boxer United States Muhammad Ali
67%
17 Politician United States Donald Trump
64%
45 Politician Georgia Joseph Stalin
62%
27 Painter Netherlands Vincent van Gogh
62%
16 Military personnel Greece Alexander the Great
59%
57 Politician Russia Vladimir Lenin
57%
9 Explorer Italy Marco Polo
56%
30 Painter Italy Michelangelo
56%
55 Painter Spain Pablo Picasso
56%
21 Philosopher Nepal Gautama Buddha
54%
75 Social Activist India Mahatma Gandhi
54%
19 Religious figure Egypt Moses
54%
68 Social activist South Africa Nelson Mandela
52%
54 Inventor United States Thomas Edison
52%
39 Inventor Croatia Nikola Tesla
51%
29 Politician Italy Julius Caesar
50%
53 Biologist Untied Kingdom Charles Darwin
49%
33 Philosopher China Confucius
49%
32 Religious figure Germany Martin Luther
49%
40 Economist Germany Karl Marx
48%
49 Writer United Kingdom William Shakespeare
48%
28 Astronomer Poland Nicolaus Copernicus
46%
23 Religious figure Iraq Abraham
44%
50 Explorer Portugal Vasco da Gama
43%
34 Economist United Kingdom Adam Smith
41%
31 Social activist Argentina Che Guevara
41%
61 Musician United States Michael Jackson
41%
25 Explorer Portugal Ferdinand Magellan
40%
66 Politician Egypt Cleopatra
37%
52 Composer Poland Frédéric Chopin
37%
98 Writer Russia Leo Tolstoy
37%
97 Religious figure Israel John the Baptist
36%
83 Psychologist Czech Republic Sigmund Freud
36%
37 Religious figure Israel Mary, mother of Jesus
35%
64 Politician Greece Mustafa Kemal Atatürk
34%
84 Nobleman Untied Kingdom Elizabeth II
33%
47 Politician United States Thomas Jefferson
33%
86 Politician Israel David
32%
79 Painter Netherlands Rembrandt
32%
77 Writer Russia Fyodor Dostoevsky
31%
42 Writer Greece Homer
30%
26 Philosopher Greece Pythagoras
29%
41 Philosopher France René Descartes
29%
15 Politician Germany Charlemagne
28%
67 Religious figure Argentina Pope Francis
28%
35 Politician France Louis XIV of France
27%
72 Painter Italy Raphael
27%
90 Religious figure Israel Saint Joseph
27%
74 Composer Italy Antonio Vivaldi
26%
62 Politician United States Richard Nixon
25%
58 Religious figure Turkey Paul the Apostle
23%
76 Religious figure - (kind of Israel) Solomon
23%
43 Mathematician Italy Archimedes
22%
92 Philosopher Germany Friedrich Nietzsche
22%
96 Writer Denmark Hans Christian Andersen
22%
65 Writer Germany Johann Wolfgang von Goethe
22%
60 Politician Italy Augustus
20%
46 Writer Italy Dante Alighieri
20%
36 Nobleman Austria Marie Antoinette
20%
95 Writer France Voltaire
20%
44 Philosopher Russia Immanuel Kant
19%
88 Physician Greece Hippocrates
17%
80 Military personnel France Joan of Arc
16%
81 Inventor Germany Johannes Gutenberg
15%
70 Writer Untied States Edgar Allan Poe
14%
73 Historian Turkey Herodotus
14%
87 Philosopher Italy Niccolò Machiavelli
14%
69 Military personnel Uzbekistan Timur
13%
59 Politician Untied States Jimmy Carter
11%
71 Mathematician France Blaise Pascal
10%
100 philosopher Turkey Thales of Miletus
9%
20 Religious figure - (kind of Syria) Saint Peter
8%
94 Philosopher Algeria Augustine of Hippo
7%
38 Politician Turkey Suleiman the Magnificent
7%
48 Philosopher Uzbekistan Avicenna
6%
63 Philosopher Switzerland Jean-Jacques Rousseau
6%
51 Politician Iraq Saladin
6%
99 Philosopher Turkey Heraclitus
5%
91 Politician Germany Henry Kissinger
3%
93 Actor United States Sylvester Stallone
3%
85 Biologist Sweden Carl Linnaeus
2%
89 Writer United Kingdom Lord Byron
2%
78 Mathematician Germany Carl Friedrich Gauss
1%
82 Writer South Africa John Ronald Reuel Tolkien
1%
No matching quizzes found
Score Distribution
Percent of People with Each Score
Percentile by Number Answered
Your Score History
You have not taken this quiz